Análisis estadístico de los factores de la venta (Registro nro. 2805)

Detalles MARC
000 -LEADER
fixed length control field 01237 a2200217 4500
001 - CONTROL NUMBER
control field 37798
005 - DATE AND TIME OF LATEST TRANSACTION
control field 20260407155644.0
008 - FIXED-LENGTH DATA ELEMENTS--GENERAL INFORMATION
fixed length control field 260407a1962 arg spa d
003 - CONTROL NUMBER IDENTIFIER
control field AR-UNSa-BCEJYS
040 ## - CATALOGING SOURCE
Original cataloging agency AR-UNSa-BCEJYS
Language of cataloging spa
Transcribing agency AR-UNSa-BCEJYS
080 ## - UNIVERSAL DECIMAL CLASSIFICATION NUMBER
Universal Decimal Classification number 658.82
Common auxiliary subdivision Promoción de ventas<br/>
100 1# - MAIN ENTRY--PERSONAL NAME
Personal name Vidal, Maurice
245 10 - TITLE STATEMENT
Title Análisis estadístico de los factores de la venta
264 #1 - PRODUCTION, PUBLICATION, DISTRIBUTION, MANUFACTURE, AND COPYRIGHT NOTICE
Place of production, publication, distribution, manufacture Barcelona :
Name of producer, publisher, distributor, manufacturer Sagitario
Date of production, publication, distribution, manufacture, or copyright notice 1962
300 ## - PHYSICAL DESCRIPTION
Extent 258 p.
Dimensions 22 cm.
505 ## - FORMATTED CONTENTS NOTE
Formatted contents note Parte I.:1. La noción de factores de explotación - 2. Predominio de los factores comerciales en la gestión - 3. Explicación factorial de la venta - 4. Introducción a la investigación operativa comercial - Parte II.: 1. Algunas técnicas corrientes - 2. Complicación de datos en el interior de la empresa - 3. La recogida de datos fuera de la empresa - 4. El mercado-La clientela de la empresa - 5. El estudio estdístico de los medios de la venta - 6. La difusión de los productos - 7. El estudio estadístico de las opiniones y comportamientos - 8. Factores y leyes de venta -El problema de la previsión - 9. Conclusiones
590 ## - LOCAL NOTE (RLIN)
Local note niveau_biblio:m niveau_hierar:0
700 1# - ADDED ENTRY--PERSONAL NAME
Personal name Castellanet, Gilbert
700 1# - ADDED ENTRY--PERSONAL NAME
Personal name Alá Badía, R.
942 ## - ADDED ENTRY ELEMENTS (KOHA)
Koha item type
Existencias
Withdrawn status Lost status Damaged status Not for loan Home library Current library Shelving location Date acquired Total checkouts Full call number Barcode Date last seen Price effective from Koha item type
        Biblioteca Prof. Eusebio Cleto del Rey Biblioteca Prof. Eusebio Cleto del Rey   07/04/2026   658.82 V648 L23876 07/04/2026 07/04/2026 Libro